[Event "Managua Gomez Argenal Memorial"]
[Site "Managua"]
[Date "2021.06.06"]
[Round "3"]
[White "Quintanilla Gallo, Erlis Jose"]
[Black "Sevilla Menocal, Axell Farath"]
[Result "0-1"]
[WhiteElo "1437"]
[BlackElo "1745"]
[PlyCount "68"]
[EventDate "2021.05.29"]
[EventType "swiss"]
[EventRounds "9"]
[EventCountry "NCA"]
[SourceTitle "EXT 2022"]
[Source "ChessBase"]
[SourceDate "2021.10.06"]
[SourceVersion "1"]
[SourceVersionDate "2021.10.06"]
[SourceQuality "1"]

1. b3 d5 2. Bb2 c6 3. e3 Bf5 4. Nf3 Nd7 5. h3 e6 6. Be2 Ngf6 7. 0-0 Be7 8. d3 Qc7 9. Nbd2 0-0 10. Nh4 Bg6 11. Nxg6 hxg6 12. Nf3 Nh7 13. d4 f5 14. c4 g5 15. Ne5 Rf6 16. f4 Rh6 17. Nxd7 Qxd7 18. c5 gxf4 19. exf4 Nf6 20. Bf3 Qe8 21. Qe2 Qf7 22. Rae1 Nh7 23. Kh2 g5 24. fxg5 Bxg5 25. Bc1 Bxc1 26. Rxc1 Ng5 27. Qe3 Qc7+ 28. Qe5 Qxe5+ 29. dxe5 Rh4 30. Kg3 Rd4 31. Rcd1 Nxf3 32. Kxf3 Re4 33. Rfe1 Rd8 34. Rxe4 dxe4+ 0-1

[Event "Managua Gomez Argenal Memorial"]
[Site "Managua"]
[Date "2021.06.06"]
[Round "4"]
[White "Sevilla Menocal, Axell Farath"]
[Black "Ruiz Treminio, Bismark"]
[Result "1-0"]
[WhiteElo "1745"]
[BlackElo "1112"]
[PlyCount "43"]
[EventDate "2021.05.29"]
[EventType "swiss"]
[EventRounds "9"]
[EventCountry "NCA"]
[SourceTitle "EXT 2022"]
[Source "ChessBase"]
[SourceDate "2021.10.06"]
[SourceVersion "1"]
[SourceVersionDate "2021.10.06"]
[SourceQuality "1"]

1. b4 d6 2. Bb2 e5 3. e3 Nf6 4. Nf3 Bg4 5. Be2 Bxf3 6. Bxf3 c6 7. d3 Nbd7 8. Nd2 d5 9. a3 g6 10. c4 Bg7 11. 0-0 Qc7 12. Rc1 Nb6 13. Qb3 Rd8 14. a4 d4 15. exd4 exd4 16. Rfe1+ Kd7 17. a5 Na8 18. Bxd4 Rhe8 19. Bxf6 Rxe1+ 20. Rxe1 Bxf6 21. Bg4+ Kd6 22. c5# 1-0

[Event "Managua Hurtado Memorial 19th"]
[Site "Managua"]
[Date "2019.12.28"]
[Round "4"]
[White "Rodriguez, Fausto"]
[Black "Sevilla Menocal, Axell Farath"]
[Result "1-0"]
[WhiteElo "2014"]
[BlackElo "1734"]
[PlyCount "63"]
[EventDate "2019.12.26"]
[EventType "swiss"]
[EventRounds "9"]
[EventCountry "NCA"]
[SourceTitle "CBM 195 Extra"]
[Source "ChessBase"]
[SourceDate "2020.05.31"]
[SourceVersion "1"]
[SourceVersionDate "2020.05.31"]
[SourceQuality "1"]

1. e4 c5 2. Nf3 d6 3. d4 cxd4 4. Nxd4 Nf6 5. Nc3 a6 6. Be3 e5 7. Nb3 Be6 8. f3 Be7 9. Qd2 Nbd7 10. g4 b5 11. g5 Nh5 12. 0-0-0 Nc5 13. Kb1 g6 14. Rg1 Ng7 15. Nd5 Bxd5 16. Qxd5 Nge6 17. Nxc5 Nc7 18. Qc6+ Kf8 19. Nb7 Qb8 20. Nxd6 Kg7 21. Be2 Ne6 22. Qd5 Rd8 23. Qxe5+ Kg8 24. Bc5 Bf8 25. b4 a5 26. Qg3 axb4 27. Bxb4 Rxa2 28. Kxa2 Qa7+ 29. Kb2 Ra8 30. Ra1 Bg7+ 31. e5 Qd4+ 32. Bc3 1-0

[Event "Managua Hurtado Memorial 19th"]
[Site "Managua"]
[Date "2019.12.27"]
[Round "2"]
[White "Pilarte Castro, Rene Ozmar"]
[Black "Sevilla Menocal, Axell Farath"]
[Result "1/2-1/2"]
[WhiteElo "1299"]
[BlackElo "1734"]
[PlyCount "62"]
[EventDate "2019.12.26"]
[EventType "swiss"]
[EventRounds "9"]
[EventCountry "NCA"]
[SourceTitle "CBM 195 Extra"]
[Source "ChessBase"]
[SourceDate "2020.05.31"]
[SourceVersion "1"]
[SourceVersionDate "2020.05.31"]
[SourceQuality "1"]

1. d4 d5 2. c4 c6 3. e3 Nf6 4. Nc3 e6 5. Nf3 Bd6 6. Be2 Nbd7 7. 0-0 0-0 8. c5 Bc7 9. b4 b6 10. Qc2 e5 11. dxe5 Nxe5 12. Nxe5 Bxe5 13. Bb2 bxc5 14. bxc5 Qa5 15. f4 Bxc3 16. Qxc3 Qxc3 17. Bxc3 Ne4 18. Bd4 Rb8 19. Rfb1 Bf5 20. Rxb8 Rxb8 21. Bd3 h5 22. a4 h4 23. Kf1 Rb3 24. Bc2 Rb4 25. Bxe4 Bxe4 26. g3 hxg3 27. hxg3 Kh7 28. Ke2 Rb1 29. Kf2 Rh1 30. Ra3 Rh2+ 31. Kg1 Rg2+ 1/2-1/2

[Event "NCA-chT final"]
[Site "Managua"]
[Date "2019.11.16"]
[Round "9.4"]
[White "Sevilla Menocal, Axell Farath"]
[Black "Carranza Narvaez, Sergio Ivan"]
[Result "0-1"]
[WhiteElo "1670"]
[BlackElo "1948"]
[PlyCount "104"]
[EventDate "2019.10.26"]
[EventType "team-tourn"]
[EventRounds "11"]
[EventCountry "NCA"]
[SourceTitle "EXT 2021"]
[Source "ChessBase"]
[SourceDate "2020.10.23"]
[SourceVersion "1"]
[SourceVersionDate "2020.10.23"]
[SourceQuality "1"]
[WhiteTeam "Granada"]
[BlackTeam "Ramirez de Arellano Academia"]
[WhiteTeamCountry "NCA"]
[BlackTeamCountry "NCA"]

1. Nf3 Nf6 2. c4 d6 3. Nc3 e5 4. d3 Nc6 5. g3 Be7 6. Bg2 0-0 7. 0-0 Bd7 8. a3 Qc8 9. Bg5 Bh3 10. Bxf6 Bxf6 11. Nd5 Bd8 12. Qb3 Bxg2 13. Kxg2 b6 14. Qa4 Qb7 15. h4 a6 16. Qc2 Ne7 17. Nxe7+ Bxe7 18. e4 f5 19. Rh1 Rf6 20. h5 Raf8 21. Ng5 h6 22. Nh3 Qc6 23. Rac1 Qe8 24. Qd1 f4 25. Qg4 Kh7 26. gxf4 exf4 27. Rcg1 g6 28. Kf1 g5 29. a4 Bd8 30. b3 Qe5 31. Qd1 R6f7 32. f3 Bf6 33. Nf2 Qc5 34. Ng4 Bd4 35. Rg2 Rd7 36. Re2 b5 37. axb5 axb5 38. Ra2 Rdd8 39. Rhh2 Ra8 40. Rhc2 b4 41. Qb1 Ra3 42. Rxa3 bxa3 43. b4 Qa7 44. Ra2 Qa4 45. Qe1 Qb3 46. Qd2 Bb2 47. Qe2 Qxa2 48. e5 Qa1+ 49. Kg2 Bxe5 50. Qe4+ Kh8 51. Qg6 Bg7 52. Nxh6 Qf6 0-1

[Event "NCA-chT final"]
[Site "Managua"]
[Date "2019.10.26"]
[Round "1.4"]
[White "Berrios, Natanael"]
[Black "Sevilla Menocal, Axell Farath"]
[Result "1/2-1/2"]
[WhiteElo "1817"]
[BlackElo "1670"]
[PlyCount "62"]
[EventDate "2019.10.26"]
[EventType "team-tourn"]
[EventRounds "11"]
[EventCountry "NCA"]
[SourceTitle "EXT 2021"]
[Source "ChessBase"]
[SourceDate "2020.10.23"]
[SourceVersion "1"]
[SourceVersionDate "2020.10.23"]
[SourceQuality "1"]
[WhiteTeam "Jose Raul Capablanca"]
[BlackTeam "Granada"]
[WhiteTeamCountry "NCA"]
[BlackTeamCountry "NCA"]

1. d4 d5 2. c4 c6 3. Nc3 Nf6 4. Nf3 e6 5. Bg5 Be7 6. e3 Nbd7 7. Be2 0-0 8. 0-0 Qc7 9. Rc1 a6 10. cxd5 exd5 11. Bd3 Bd6 12. Bh4 h6 13. Bb1 Qb8 14. Bg3 Bxg3 15. hxg3 Ng4 16. Nh4 Ndf6 17. Qf3 Nh7 18. Nf5 Bxf5 19. Bxf5 Ngf6 20. Qf4 Qxf4 21. Bxh7+ Kxh7 22. gxf4 Ne4 23. Nxe4 dxe4 24. Rc5 f5 25. Rfc1 Rad8 26. b4 Rf6 27. a4 Rd7 28. a5 g5 29. fxg5 hxg5 30. Kf1 Kg8 31. Ke2 Kf7 1/2-1/2

[Event "NCA-ch 2nd phase"]
[Site "Managua"]
[Date "2019.02.03"]
[Round "8"]
[White "Sevilla Menocal, Axell Farath"]
[Black "Avalos, Carlos"]
[Result "1-0"]
[WhiteElo "1537"]
[BlackElo "1861"]
[PlyCount "45"]
[EventDate "2019.01.19"]
[EventType "swiss"]
[EventRounds "9"]
[EventCountry "NCA"]
[SourceTitle "CBM 189 Extra"]
[Source "ChessBase"]
[SourceDate "2019.06.03"]
[SourceVersion "1"]
[SourceVersionDate "2019.06.03"]
[SourceQuality "1"]

1. Nf3 Nf6 2. c4 d6 3. g3 Nbd7 4. Bg2 e5 5. d3 Be7 6. Nc3 c6 7. Rb1 a5 8. a3 Qc7 9. e4 Nf8 10. 0-0 Bg4 11. h3 Bd7 12. Be3 h6 13. b4 g5 14. Nd2 axb4 15. axb4 Ne6 16. Ra1 0-0 17. Nb3 Rxa1 18. Qxa1 Bc8 19. Qa7 Nd7 20. b5 Qb8 21. Qxb8 Nxb8 22. Ra1 Nd8 23. Ra8 1-0

[Event "NCA-ch 2nd phase"]
[Site "Managua"]
[Date "2019.02.02"]
[Round "7"]
[White "Vallecillo, Saul"]
[Black "Sevilla Menocal, Axell Farath"]
[Result "1-0"]
[WhiteElo "1887"]
[BlackElo "1537"]
[PlyCount "105"]
[EventDate "2019.01.19"]
[EventType "swiss"]
[EventRounds "9"]
[EventCountry "NCA"]
[SourceTitle "CBM 189 Extra"]
[Source "ChessBase"]
[SourceDate "2019.06.03"]
[SourceVersion "1"]
[SourceVersionDate "2019.06.03"]
[SourceQuality "1"]

1. e4 e5 2. Nf3 Nc6 3. d4 exd4 4. Nxd4 d5 5. Bb5 Bd7 6. exd5 Nxd4 7. Bxd7+ Qxd7 8. Qxd4 Nf6 9. c4 c6 10. Qe3+ Be7 11. dxc6 Qxc6 12. 0-0 Qc7 13. Re1 Ng4 14. Qg3 Qxg3 15. hxg3 Kd7 16. Nc3 Rae8 17. Be3 Nxe3 18. Rxe3 Bc5 19. Rd3+ Kc8 20. Rad1 Rd8 21. Kf1 Rhe8 22. Rxd8+ Rxd8 23. Rxd8+ Kxd8 24. Ne4 Be7 25. g4 g6 26. Ke2 Kd7 27. Kd3 Ke6 28. c5 f5 29. gxf5+ gxf5 30. Nd6 Bxd6 31. cxd6 Kxd6 32. Kd4 b6 33. b4 a6 34. a4 h6 35. a5 bxa5 36. bxa5 Kc6 37. Ke5 Kb5 38. Kxf5 Kxa5 39. Kg6 Kb6 40. f4 a5 41. f5 a4 42. f6 a3 43. f7 a2 44. f8Q a1Q 45. Qf6+ Qxf6+ 46. Kxf6 h5 47. Kg5 h4 48. Kxh4 Kc7 49. Kg5 Kd7 50. Kg6 Ke6 51. g4 Ke5 52. g5 Ke6 53. Kh7 1-0

[Event "NCA-ch 2nd phase"]
[Site "Managua"]
[Date "2019.01.20"]
[Round "2"]
[White "Sevilla Menocal, Axell Farath"]
[Black "Granados Lopez, Fidel"]
[Result "0-1"]
[WhiteElo "1537"]
[BlackElo "1761"]
[PlyCount "80"]
[EventDate "2019.01.19"]
[EventType "swiss"]
[EventRounds "9"]
[EventCountry "NCA"]
[SourceTitle "CBM 189 Extra"]
[Source "ChessBase"]
[SourceDate "2019.06.03"]
[SourceVersion "1"]
[SourceVersionDate "2019.06.03"]
[SourceQuality "1"]

1. Nf3 c5 2. c4 Nc6 3. g3 e5 4. d3 d6 5. Bg2 Bg4 6. Nc3 Nf6 7. 0-0 Qd7 8. Qb3 Nd4 9. Nxd4 exd4 10. Qxb7 Rc8 11. Qxd7+ Kxd7 12. Nd5 Nxd5 13. cxd5 Re8 14. f3 Bh5 15. Re1 f5 16. Bd2 Bf7 17. f4 g6 18. Rac1 Bg7 19. Rc4 Rb8 20. b4 Rhc8 21. Rec1 Bf8 22. a3 Be8 23. e3 Kd8 24. bxc5 dxc5 25. exd4 cxd4 26. Ba5+ Kd7 27. Rc7+ Rxc7 28. Rxc7+ Kd6 29. Bf3 a6 30. Ra7 Rb1+ 31. Kg2 Bb5 32. Bb4+ Rxb4 33. axb4 Bxd3 34. Rxh7 Be4 35. Ra7 Kxd5 36. Rxa6 Bxb4 37. Rxg6 d3 38. Rg7 d2 39. Rd7+ Bd6 40. Bxe4+ fxe4 0-1

[Event "NCA-ch op"]
[Site "Managua"]
[Date "2017.09.10"]
[Round "5"]
[White "Moraga, Maria"]
[Black "Sevilla Menocal, Axell Farath"]
[Result "1-0"]
[WhiteElo "1712"]
[BlackElo "1282"]
[PlyCount "101"]
[EventDate "2017.09.02"]
[EventType "swiss"]
[EventRounds "9"]
[EventCountry "NCA"]
[SourceTitle "EXT 2018"]
[Source "ChessBase"]
[SourceDate "2017.10.13"]
[SourceVersion "1"]
[SourceVersionDate "2017.10.13"]
[SourceQuality "1"]

1. e4 c5 2. Nf3 d6 3. d4 cxd4 4. Nxd4 Nc6 5. Nc3 e5 6. Nb3 Nf6 7. Bg5 Be7 8. Be2 0-0 9. 0-0 a6 10. a3 Be6 11. Qd3 Qc7 12. Qg3 Kh8 13. Rfd1 Qd8 14. Qd3 Bxb3 15. cxb3 Nd4 16. b4 Qc7 17. Rac1 Rac8 18. Nd5 Qd7 19. Nb6 Qe6 20. Nxc8 Rxc8 21. Rxc8+ Qxc8 22. Rc1 Qd7 23. Bxf6 Bxf6 24. h3 h6 25. Bg4 Qe7 26. Rc4 b5 27. Rc8+ Kh7 28. Qc3 Qb7 29. Bf3 Nxf3+ 30. gxf3 Qb6 31. Rc6 Qb8 32. Rxa6 Qd8 33. Qd3 Qc7 34. Qc3 Qd7 35. Kg2 Bh4 36. Qd2 Be7 37. Qd5 f5 38. Ra8 f4 39. Qg8+ Kg6 40. Qe8+ Qxe8 41. Rxe8 Kf7 42. Rb8 Ke6 43. Rxb5 Kd7 44. Rb7+ Kd8 45. b5 Bf6 46. Rb6 Kc7 47. Rc6+ Kd7 48. a4 Bd8 49. b4 Bc7 50. a5 Kc8 51. b6 1-0